Statistiken für Spieler, die Danny Noppert bei der Darts WM besiegten

Klicken Sie hier um das Quiz zu spielen!

Allgemein

  • Dieses Quiz wurde 39 mal gespielt
  • Das Durchschnittsergebnis liegt bei 4 aus 6

Antwortstatistiken

JahrRundeNationalitätSpieler% Korrekt
20192. RundeDeutschlandMax Hopp
94%
20203. RundeBelgienKim Huybrechts
90%
20233. RundeSchottlandAlan Soutar
77%
20242. RundeEnglandScott Williams
77%
20213. RundeEnglandDave Chisnall
55%
20223. RundeEnglandRyan Searle
45%

Verteilung der Resultate

Perzentil nach korrekt beantworteten Fragen

Anzahl Personen mit jedem Resultat

Ihre Resultats-Entwicklung

Sie haben dieses Quiz noch nicht gespielt